| 000 | 00458cam a22001451 4500 | ||
|---|---|---|---|
| 082 |
_a620.1 _bPRA _cL-5, P-34 |
||
| 100 | 1 |
_aBeaufoy, Leroy Arthur, _940691 |
|
| 245 | 0 | 0 |
_aPractical mechanics for all, _cedited by Leroy A. Beaufoy. |
| 260 |
_aLondon, _bOdhams press limited _c[1946] |
||
| 300 |
_a448 p. _billus., diagrs. _c22 cm. |
||
| 526 |
_a0 _b0 _c0 _d620_100000000000000_PRA |
||
| 650 | 0 |
_aMCE _9379 |
|
| 650 | 0 |
_aMechanics, Applied. _913090 |
|
| 942 |
_2ddc _cBK |
||
| 999 |
_c544946 _d544946 |
||